00585nam a2200157Ia 4500008004100000040001800041041001200059082001700071100001800088245014400106260000900250300001100259942000700270952013500277999001500412230917s9999||||xx |||||||||||||| ||und|| e5007118aMAIN aEnglish a615.19 M295I aMalik, Neelam 0aIn silico design, synthesis, 3D-QSR studies and evaluation of antioxidant and xantihin oxidase inhibitory activities of natural derivatives c2019 a281 p. cBK 0010406615_190000000000000_M295I70915995aMAINbMAINd2021-02-03l0o615.19 M295Ip224387r2023-09-17 17:22:00w2023-09-17yBK c9787d9787